Art : (Record no. 6166)

MARC details
000 -LEADER
fixed length control field 01122nam a2200289zi 4500
003 - CONTROL NUMBER IDENTIFIER
control field URS
005 - DATE AND TIME OF LATEST TRANSACTION
control field 20220117090713.0
008 - FIXED-LENGTH DATA ELEMENTS--GENERAL INFORMATION
fixed length control field 190416s1976 ph ||||| |||| 001 0 eng |
040 ## - CATALOGING SOURCE
Transcribing agency URS
Description conventions rda
Original cataloging agency URS
Language of cataloging eng
Modifying agency URS
050 10 - LIBRARY OF CONGRESS CALL NUMBER
Classification number N 5300
Item number Ar756 1976
100 1# - MAIN ENTRY--PERSONAL NAME
Personal name Ortiz, Ma. Aurora R.,
Relator term author
245 10 - TITLE STATEMENT
Title Art :
Remainder of title perception and appreciation /
Statement of responsibility, etc. Ma. Aurora R. Ortiz, Teresita E. Erestain, Alice G. Guillermo, Myrna C. Montano, Santiago A. Pilar
264 #1 - PRODUCTION, PUBLICATION, DISTRIBUTION, MANUFACTURE, AND COPYRIGHT NOTICE
Place of production, publication, distribution, manufacture Manila, Philippines :
Name of producer, publisher, distributor, manufacturer University of the East,
Date of production, publication, distribution, manufacture, or copyright notice [date of publication not identified]
264 #4 - PRODUCTION, PUBLICATION, DISTRIBUTION, MANUFACTURE, AND COPYRIGHT NOTICE
Date of production, publication, distribution, manufacture, or copyright notice ©1976
300 ## - PHYSICAL DESCRIPTION
Extent xii, 340 pages ;
Dimensions 25 cm
336 ## - CONTENT TYPE
Source rdacontent
Content type term text
Content type code txt
337 ## - MEDIA TYPE
Source rdamedia
Media type term unmediated
Media type code n
338 ## - CARRIER TYPE
Source rdacarrier
Carrier type term volume
Carrier type code nc
504 ## - BIBLIOGRAPHY, ETC. NOTE
Bibliography, etc. note Includes bibliographical references and index.
524 ## - PREFERRED CITATION OF DESCRIBED MATERIALS NOTE
Preferred citation of described materials note Ortiz and others (1976). Art : perception and appreciation. Manila, Philippines: University of the East.
650 #0 - SUBJECT ADDED ENTRY--TOPICAL TERM
Topical term or geographic name entry element Art
General subdivision History
700 1# - ADDED ENTRY--PERSONAL NAME
Personal name Erestain, Teresita E.,
Relator term author
700 1# - ADDED ENTRY--PERSONAL NAME
Personal name Guillermo, Alice G.,
Relator term author
700 1# - ADDED ENTRY--PERSONAL NAME
Personal name Montano, Myrna C.,
Relator term author
700 1# - ADDED ENTRY--PERSONAL NAME
Personal name Pilar, Santiago A.,
Relator term author
942 ## - ADDED ENTRY ELEMENTS (KOHA)
Source of classification or shelving scheme Library of Congress Classification
Koha item type Filipiniana
Holdings
Withdrawn status Source of classification or shelving scheme Damaged status Not for loan Collection code Home library Current library Shelving location Date acquired Total Checkouts Full call number Barcode Date last seen Price effective from Koha item type
  Library of Congress Classification     Non-fiction Cardona College LIbrary Cardona College LIbrary General Stacks 04/16/2019   N 5300 Ar756 1976 URSCAR-2112 04/16/2019 04/16/2019 Filipiniana

University of Rizal System
Email us at univlibservices@urs.edu.ph

Visit our Website www.urs.edu.ph/library